Sports Quiz

Random Sports or NFL Quiz
Score 0/26 Timer 07:00
6 Plays Today
Hint Answer % Correct
PatriotsTom Brady
95.9%
PatriotsNew England
95.4%
FalconsAtlanta
92.5%
PatriotsSuper Bowl XLIX (2015)
91.5%
Super Bowl LISuper Bowl 51
90.5%
FalconsMatt Ryan
90.4%
PatriotsAFC East
89.8%
Patriots1st
89.5%
FalconsNFC South
86.3%
FalconsJulio Jones
85.2%
Super Bowl LIFOX
83.3%
PatriotsRobert Kraft
81.9%
PatriotsGillette Stadium
80.8%
Hint Answer % Correct
Super Bowl LIHouston, Texas
80.1%
PatriotsJulian Edelman
80%
Super Bowl LILady Gaga
78.1%
PatriotsBill Belichick
76.6%
Falcons27th
75.4%
Super Bowl LIFebruary 5th, 2017
69.5%
FalconsSuper Bowl XXXIII (1999)
67.2%
FalconsDan Quinn
59.7%
FalconsMercedes-Benz Stadium
58.9%
Super Bowl LINRG Stadium
51.6%
FalconsArthur Blank
44.6%
Super Bowl LILuke Bryan
40.1%
Super Bowl LITiffany & Co.
30.5%
Remove Ads.
Support Sporcle.
Get the best of Sporcle when you Go Orange. This ad-free experience offers more features, more stats, and more fun while also helping to support Sporcle. Thank you for becoming a member.

You're not logged in!

Compare scores with friends on all Sporcle quizzes.
OR
Log In

Show Comments

Extras

Top Quizzes Today


Score Distribution

Your Account Isn't Verified!

In order to create a playlist on Sporcle, you need to verify the email address you used during registration. Go to your Sporcle Settings to finish the process.

Report this User

Report this user for behavior that violates our Community Guidelines.

Details: